مكتبة جامعة عجلون الوطنية

فهرس بحث المكتبة

كتاب فقة اللغة (Record no. 28954)

MARC details
000 -LEADER
fixed length control field 00839nam a2200205Ii 4500
003 - CONTROL NUMBER IDENTIFIER
control field JO-AjNU
008 - FIXED-LENGTH DATA ELEMENTS--GENERAL INFORMATION
fixed length control field 230605s9999||||xx |||||||||||||| ||und||
040 ## - CATALOGING SOURCE
Original cataloging agency JO-AjNU
Language of cataloging ara
Description conventions rda
Transcribing agency JO-AjNU
041 ## - LANGUAGE CODE
Language code of text/sound track or separate title ara
050 14 - LIBRARY OF CONGRESS CALL NUMBER
Classification number PJ6051.T42 2016
100 3# - MAIN ENTRY--PERSONAL NAME
Personal name الثعالبي، ابي منصور عبد الملك بن محمد بن إسماعيل,
Relator term author
9 (RLIN) 56740
245 00 - TITLE STATEMENT
Title كتاب فقة اللغة
264 31 - PRODUCTION, PUBLICATION, DISTRIBUTION, MANUFACTURE, AND COPYRIGHT NOTICE
Place of production, publication, distribution, manufacture عمان: وزارة الثقافة، 2016
300 ## - PHYSICAL DESCRIPTION
Extent 432ص
Other physical details طبع بدعم من مؤسسة عبد الحميد شومان
336 ## - CONTENT TYPE
Content type term text
Content type code txt
Source rdacontent
337 ## - MEDIA TYPE
Media type term unmediated
Media type code n
Source rdamedia
338 ## - CARRIER TYPE
Carrier type term volume
Carrier type code nc
Source rdacarrier
490 0# - SERIES STATEMENT
Series statement مكتبة الاسرة ومهرجان القراءة للجميع، 2016
650 #4 - SUBJECT ADDED ENTRY--TOPICAL TERM
Topical term or geographic name entry element اللغة العربية - الفاظ - معاني واستعمال
9 (RLIN) 56741
Holdings
Withdrawn status Lost status Source of classification or shelving scheme Damaged status Not for loan Home library Current library Shelving location Date acquired Total Checkouts Full call number Barcode Date last seen Price effective from Koha item type
    Library of Congress Classification     مكتبة جامعة عجلون الوطنية مكتبة جامعة عجلون الوطنية المجموعات العامة 06/06/2023   PJ6051.T42 2016 A25386 06/06/2023 06/06/2023 Books